000 00673nam a2200277Ia 4500
005 20260320195713.0
008 008 262003s9999 xx 000 0 hin d
020 _a9788119989461
037 _aEBOOK
040 _aCRL
040 _bhin
040 _cCRL
041 _2hin
041 _ahin
084 _qCRL
100 _aराजेश पांडे, सं. सुहेल वहीद
_91132855
245 0 _aवर्चस्व
250 _a7th
260 _bRajkamal
260 _c2024
300 _a296
856 _uhttps://ebook.indiaread.in/pdfs/9788119989461.pdf
942 _cEBOOK
999 _c1716037
_d1716037